000 00236nam a2200109Ia 4500
999 _c9551
_d9551
020 _a978-0321393616
100 _aNeil A.Weiss
245 0 _aIntroductory Statistics
260 _aNew Delhi
_bPearson
_c2015
300 _a230
942 _cBK